Southville International School and Colleges
Your cart is empty.
  • Cart
  • Lists
    Public lists Eva Luna New books Lux_list list_1
    Your lists Log in to create your own lists
  • Log in to your account
  • Your cookies
  • Search history
Southville International School and Colleges
  • Advanced search
  • Recent comments
  • Most popular
  • Libraries

Log in to your account

Log in with GOOGLE


If you do not have an external account, but do have a local account, you can still log in:

  1. Home
  2. MARC view: How to change your life with technology /
Normal view MARC view ISBD view

How to change your life with technology / (Record no. 356883)

[ view plain ]
MARC details
000 -LEADER
fixed length control field 00572nam a2200217Ia 4500
008 - FIXED-LENGTH DATA ELEMENTS--GENERAL INFORMATION
fixed length control field 180523s9999 xx 000 0 und d
020 ## - INTERNATIONAL STANDARD BOOK NUMBER
International Standard Book Number 81-7992-274-X
050 ## - LIBRARY OF CONGRESS CALL NUMBER
Classification number MAIN HD 45
050 ## - LIBRARY OF CONGRESS CALL NUMBER
Item number .C37 2004
100 ## - MAIN ENTRY--PERSONAL NAME
Personal name Capstick, Anthony B.
245 #0 - TITLE STATEMENT
Title How to change your life with technology /
245 #0 - TITLE STATEMENT
Statement of responsibility, etc Anthony B. Capstick.
260 ## - PUBLICATION, DISTRIBUTION, ETC. (IMPRINT)
Place of publication, distribution, etc Mumbai :
260 ## - PUBLICATION, DISTRIBUTION, ETC. (IMPRINT)
Name of publisher, distributor, etc Jaico Publishing,
260 ## - PUBLICATION, DISTRIBUTION, ETC. (IMPRINT)
Date of publication, distribution, etc 2004
300 ## - PHYSICAL DESCRIPTION
Extent 195 pages :
300 ## - PHYSICAL DESCRIPTION
Dimensions 22 cm.
500 ## - GENERAL NOTE
General note Includes index.
650 ## - SUBJECT ADDED ENTRY--TOPICAL TERM
Topical term or geographic name as entry element Business -- Data processing.
650 ## - SUBJECT ADDED ENTRY--TOPICAL TERM
General subdivision Home-based businesses.
Holdings
Withdrawn status Lost status Damaged status Home library Current library Shelving location Date acquired Cost, normal purchase price Total Checkouts Full call number Barcode Date last seen Price effective from Koha item type
      South Mansfield College South Mansfield College   03/07/2005 608.00   MAIN HD 45 .C37 2004 SMC01894 05/23/2018 05/23/2018  

How to change your life with technology /

APA

Capstick A. B., .How to change your life with technology. Mumbai: .

Chicago

Capstick Anthony B, .How to change your life with technology. Mumbai: .

Harvard

Capstick A. B., .How to change your life with technology. Mumbai: .

MLA

Capstick Anthony B, .Mumbai: . .

  • Place hold
  • Print
  • Cite
  • Add to your cart (remove)
  • Save record
    BIBTEX Dublin Core MARCXML MARC (non-Unicode/MARC-8) MARC (Unicode/UTF-8) MARC (Unicode/UTF-8, Standard) MODS (XML) RIS
  • More searches
    Search for this title in:
    Other Libraries (WorldCat) Other Databases (Google Scholar) Online Stores (Bookfinder.com) Open Library (openlibrary.org)

Exporting to Dublin Core...

SOUTHVILLE LIBRARY

Southville International School and Colleges Library

1281 Tropical Ave. Cor. Luxembourg St., BF Homes International, Las Pinas City

Tel. No. 8256374 / 252358 Loc. 117/146

Powered by Koha